[Event "Autumn 1800+ Extra"]
[Site "SchemingMind.com"]
[Date "2017.12.06"]
[Round "-"]
[White "frankly"]
[Black "Diadoco"]
[Result "1-0"]
[WhiteCountry "ENG"]
[BlackCountry "MEX"]
[WhiteElo "2655"]
[WhiteRD "61"]
[BlackElo "1993"]
[BlackRD "88"]
[GameID "421621"]

1. d4 d5 2. Nf3 Nf6 3. c4 c6 4. Nc3 e6 5. Bg5 h6 6. Bxf6 Qxf6 7. e3 Nd7 8. Bd3 dxc4 9. Bxc4 g6 10. O-O Bg7
11. e4 e5 12. d5 O-O 13. h3 Nb6 14. Bb3 Rd8 15. Qe2 Bd7 16. Rad1 Be8 17. Rfe1 Rac8 18. a3 a6 19. dxc6 Rxd1 20. Rxd1 Qxc6
21. h4 Qf6 22. g3 Nd7 23. h5 g5 24. Nh2 Nc5 25. Ba2 Bc6 26. Ng4 Qe7 27. Qf3 Ne6 28. Qf5 Re8 29. Nd5 Bxd5 30. exd5 Nd4
31. Rxd4 exd4 32. d6 Qf8 33. Qg6 Kh8 34. Bxf7 Rd8 35. Nf6 Bxf6 36. Qxf6+ Kh7 37. Bg6+ Kg8 38. Qe7 Qxe7 39. dxe7 Rc8 40. e8=Q+ Rxe8
41. Bxe8 Kf8 42. Bg6 Ke7 43. Kf1 Kd6 44. Ke2 Kc5 45. Kd3 b5 46. b4+ Kd5 47. Be4+ Ke5 48. Bb7
1-0

[Event "Autumn 1800+ Extra"]
[Site "SchemingMind.com"]
[Date "2017.12.14"]
[Round "-"]
[White "emvarela"]
[Black "flyinduck"]
[Result "0-1"]
[WhiteCountry "ARG"]
[BlackCountry "CAN"]
[WhiteElo "1747"]
[WhiteRD "64"]
[BlackElo "2067"]
[BlackRD "65"]
[GameID "421907"]

1. e4 d6 2. d4 Nf6 3. Nc3 g6 4. Nf3 Bg7 5. Bc4 O-O 6. Bb3 Nc6 7. h3 e5 8. dxe5 Nxe5 9. O-O Nxf3+ 10. Qxf3 Nd7
11. Be3 b6
0-1

[Event "Autumn 1800+ Extra"]
[Site "SchemingMind.com"]
[Date "2017.12.13"]
[Round "-"]
[White "John Hamer"]
[Black "flyinduck"]
[Result "1-0"]
[WhiteCountry "ENG"]
[BlackCountry "CAN"]
[WhiteElo "2022"]
[WhiteRD "66"]
[BlackElo "2067"]
[BlackRD "65"]
[GameID "421909"]

1. d4 Nf6 2. Nf3 e6 3. c4 b6 4. e3 Bb7 5. Bd3 Be7 6. O-O O-O 7. Nbd2 d5 8. b3 a5 9. Bb2 a4 10. bxa4 Nc6
11. a3 Na5 12. cxd5 exd5 13. Qc2 Bd6 14. Rfe1 Re8 15. Rab1 Qe7 16. Ne5 c5 17. Bb5 Rec8 18. Qc3 cxd4 19. Qxd4 Rc2 20. Nd7 Bc6
21. Nxb6 Bxb5 22. Nxa8 Ba6 23. Rec1
1-0

[Event "Autumn 1800+ Extra"]
[Site "SchemingMind.com"]
[Date "2017.12.13"]
[Round "-"]
[White "flyinduck"]
[Black "John Hamer"]
[Result "1-0"]
[WhiteCountry "CAN"]
[BlackCountry "ENG"]
[WhiteElo "2088"]
[WhiteRD "65"]
[BlackElo "2041"]
[BlackRD "66"]
[GameID "421910"]

1. c4 Nf6 2. Nc3 g6 3. e4 d6 4. d4 Bg7 5. Be2 O-O 6. Nf3 c6 7. O-O e5 8. Re1 exd4 9. Nxd4 Re8 10. Bf1 Nbd7
11. Rb1 Nc5 12. f3 a5 13. Be3 Nfd7 14. Qd2 Be5 15. b3 Nf8 16. a3 Be6 17. b4 Ncd7 18. f4 Bg7 19. f5 gxf5 20. exf5 Bxd4
21. Bxd4 Bxf5 22. Qh6 f6 23. Ne2 Bxb1 24. Rxb1 axb4 25. Ng3 Ne6 26. Nh5 Rf8 27. axb4 Qe7 28. Rb3 Kh8 29. Re3 Ne5 30. Rg3 Rf7
31. Bc3 Rff8 32. Bd3 Nxd3 33. Rxd3 Ra3 34. Qc1 Rb3 35. Re3 b5 36. cxb5 cxb5 37. Bxf6+ Rxf6 38. Rxb3 Qa7+ 39. Kh1 Rf2 40. h3 Qd4
41. Re3 Nf8 42. Re8 Rf5= 43. Kh2 Kg8 44. Qh6 Rf2 45. Qg5+ Kh8 46. Re4 Qb2 47. Nf4 Qg7 48. Qh4 Rf1 49. Re8 Qc3 50. Rxf8+
1-0

[Event "Autumn 1800+ Extra"]
[Site "SchemingMind.com"]
[Date "2017.12.14"]
[Round "-"]
[White "Diadoco"]
[Black "flyinduck"]
[Result "0-1"]
[WhiteCountry "MEX"]
[BlackCountry "CAN"]
[WhiteElo "2016"]
[WhiteRD "82"]
[BlackElo "2067"]
[BlackRD "65"]
[GameID "421911"]

1. e4 d6 2. d4 Nf6 3. Nc3 g6 4. f4 Bg7 5. Nf3 O-O 6. Bd3 Na6 7. O-O c5 8. d5 Nc7 9. a4 Rb8 10. Qe1 a6
11. a5 b5 12. axb6 Rxb6 13. Na4 Rb8 14. c4 e6 15. e5 Nfe8 16. f5 exf5 17. exd6 Qxd6 18. Be3 Qd8 19. Bxc5 Nd6 20. Qg3 Nce8
21. Rfe1 Bh6 22. Rxe8 Rxe8 23. Bxd6 Rb3 24. Ra3 Rxa3 25. Bxa3 Be3+ 26. Kf1 Bd7 27. Nc3 g5 28. Qd6 g4 29. Ne5 Qh4 30. Nd1 Bd2
31. Nf2 Qxh2 32. Qxd7 Qxe5 33. Ne4 fxe4 34. Qxg4+ Kh8 35. Be2 Qf6+ 36. Kg1 Be3+ 37. Kh1 Qf2 38. Kh2 Rg8
0-1

[Event "Autumn 1800+ Extra"]
[Site "SchemingMind.com"]
[Date "2017.12.13"]
[Round "-"]
[White "flyinduck"]
[Black "Diadoco"]
[Result "0-1"]
[WhiteCountry "CAN"]
[BlackCountry "MEX"]
[WhiteElo "2067"]
[WhiteRD "65"]
[BlackElo "2016"]
[BlackRD "82"]
[GameID "421912"]

1. c4 Nf6 2. Nc3 e5 3. Nf3 Nc6 4. g3 d5 5. cxd5 Nxd5 6. Bg2 Nb6 7. O-O Be7 8. a3 O-O 9. b4 Be6 10. Rb1 f6
11. d3 a5 12. b5 Nd4 13. Nd2 Qc8 14. e3 Nf5 15. Bb2 Rd8 16. Qc2 Nd6 17. Rfd1 a4 18. Nce4 Nxb5 19. Nc5 Bd5 20. Bf1 Nd7
21. Nxa4 Bxa3 22. d4 Bxb2 23. Bxb5 Ba3 24. Nc5 Bxc5 25. Qxc5 Nxc5
0-1

[Event "Autumn 1800+ Extra"]
[Site "SchemingMind.com"]
[Date "2017.12.18"]
[Round "-"]
[White "fu_manchu"]
[Black "flyinduck"]
[Result "0-1"]
[WhiteCountry "CAN"]
[BlackCountry "CAN"]
[WhiteElo "1827"]
[WhiteRD "71"]
[BlackElo "2053"]
[BlackRD "68"]
[GameID "421913"]

1. e4 d6 2. d4 g6 3. Nf3 a6 4. Bd3 Bg7 5. O-O Bg4 6. c3 e5 7. dxe5 dxe5 8. Be3 Ne7 9. h3 Bxf3 10. Qxf3 Qxd3
0-1

[Event "Autumn 1800+ Extra"]
[Site "SchemingMind.com"]
[Date "2017.12.14"]
[Round "-"]
[White "flyinduck"]
[Black "fu_manchu"]
[Result "1-0"]
[WhiteCountry "CAN"]
[BlackCountry "CAN"]
[WhiteElo "2088"]
[WhiteRD "65"]
[BlackElo "1875"]
[BlackRD "76"]
[GameID "421914"]

1. c4 Nf6 2. Nc3 e6 3. e4 d6 4. d4 Be7 5. f4 O-O 6. Nf3 c5 7. d5 exd5 8. cxd5 Bg4 9. h3 Bxf3 10. Qxf3 a6
11. a4 Qb6 12. a5 Qc7 13. Bd3 Nbd7 14. O-O b5 15. axb6 Nxb6 16. Be3 a5 17. Bf2 Nbd7 18. Rae1 Rab8 19. Re2 h6 20. Rfe1 Nh7
21. e5 dxe5 22. fxe5 Qb7 23. h4 f6 24. Qf5
1-0

[Event "Autumn 1800+ Extra"]
[Site "SchemingMind.com"]
[Date "2017.12.13"]
[Round "-"]
[White "Stephen Woodhouse"]
[Black "flyinduck"]
[Result "0-1"]
[WhiteCountry "ENG"]
[BlackCountry "CAN"]
[WhiteElo "1830"]
[WhiteRD "66"]
[BlackElo "2067"]
[BlackRD "65"]
[GameID "421915"]

1. e4 d6 2. d4 Nf6 3. Nc3 g6 4. f4 Bg7 5. Nf3 O-O 6. Bd3 Na6 7. O-O c5 8. d5 Nc7 9. a4 a6 10. Qe2 Rb8
11. Be3 b5 12. axb5 axb5 13. e5 Nfxd5 14. Nxd5 Nxd5 15. c3 Nxe3 16. Qxe3 Qb6 17. Ra3 b4 18. cxb4 Qxb4 19. Rf2 Bb7 20. Bb1 Bxf3
21. Qxf3 dxe5 22. f5 e4 23. Bxe4 Bd4 24. fxg6 Qe1#
0-1

[Event "Autumn 1800+ Extra"]
[Site "SchemingMind.com"]
[Date "2017.12.13"]
[Round "-"]
[White "flyinduck"]
[Black "Stephen Woodhouse"]
[Result "1-0"]
[WhiteCountry "CAN"]
[BlackCountry "ENG"]
[WhiteElo "2067"]
[WhiteRD "65"]
[BlackElo "1830"]
[BlackRD "66"]
[GameID "421916"]

1. c4 e6 2. Nf3 f5 3. g3 Nf6 4. Bg2 Be7 5. O-O O-O 6. d3 Nc6 7. Nc3 d6 8. e4 fxe4 9. dxe4 e5 10. h3 Be6
11. b3 Qd7 12. Kh2 g6 13. Bh6 Rfd8 14. Qd2 Bf8 15. Bg5 Bg7 16. Rae1 Rf8 17. Ng1 Nd4 18. f4 Nh5 19. Nce2 Nxe2 20. Nxe2 exf4
21. gxf4 Bf6 22. f5 gxf5 23. Bxf6 Nxf6 24. exf5 Bf7 25. Qg5+
1-0

[Event "Autumn 1800+ Extra"]
[Site "SchemingMind.com"]
[Date "2017.12.13"]
[Round "-"]
[White "frankly"]
[Black "flyinduck"]
[Result "1-0"]
[WhiteCountry "ENG"]
[BlackCountry "CAN"]
[WhiteElo "2668"]
[WhiteRD "64"]
[BlackElo "2067"]
[BlackRD "65"]
[GameID "421917"]

1. e4 d6 2. d4 Nf6 3. Nc3 g6 4. Be3 c6 5. Qd2 b5 6. Bd3 Nbd7 7. Nf3 Nb6 8. O-O Bg7 9. e5 Nfd5 10. Nxd5 Nxd5
11. Bh6 O-O 12. h3 Bb7 13. Rfe1 f5 14. a4 a6 15. h4 Qd7 16. c4 bxc4 17. Bxc4 f4 18. Bxf4 Kh8 19. Bg3 a5 20. Ng5 Rf5
21. Bd3 Rff8 22. h5 h6 23. e6 Qd8 24. Nf7+ Rxf7 25. exf7 g5 26. Bb1
1-0

[Event "Autumn 1800+ Extra"]
[Site "SchemingMind.com"]
[Date "2017.12.13"]
[Round "-"]
[White "flyinduck"]
[Black "frankly"]
[Result "0-1"]
[WhiteCountry "CAN"]
[BlackCountry "ENG"]
[WhiteElo "2067"]
[WhiteRD "65"]
[BlackElo "2668"]
[BlackRD "64"]
[GameID "421918"]

1. c4 e5 2. Nc3 Nc6 3. Nf3 f5 4. d4 e4 5. Nd2 Nf6 6. e3 g6 7. Be2 Bg7 8. a3 O-O 9. b4 d6 10. Bb2 Bd7
11. Qb3 Be8 12. h3 Bf7 13. g4 Ne7 14. O-O-O d5 15. gxf5 Nxf5 16. Rdg1 Nd6 17. c5 Nf5 18. h4 h5 19. Nd1 c6 20. f3 Qe7
21. fxe4 Nxe4 22. Nxe4 dxe4 23. Bc4 Bxc4 24. Qxc4+ Kh7 25. Qe2 Bh6 26. Rh2 Nxh4
0-1